Locations Of Amusement Parks - Statistics

General Stats
  • This quiz has been taken 21 times
  • The average score is 8 of 27
Answer Stats
Hint Answer State Hint % Correct
Busch Gardens Tampa Tampa Florida Use Your Brain
94%
Cedar Point Sandusky Ohio Sandwich Between Toledo and Cleveland
82%
Kings Island Mason Ohio A Famous Jar Company
71%
Disneyland Anaheim California Mighty Ducks
65%
Kings Dominion Doswell Virginia Some People Think There Are Aliens Here They Are Mistaken
53%
Holiday World & Splashin' Safari Santa Claus Indiana Ho Ho Ho!
53%
Six Flags Great Adventure Jackson New Jersey Get Rid Of Andrew
47%
Silver Dollar City Branson Missouri Hanson's Raisin Bran
35%
Six Flags Magic Mountain Valencia California Also a Spanish City
35%
Canada's Wonderland Vaughan Ontario Give 'em the Heater Ricky!
35%
Worlds of Fun Kansas City Missouri Namesake of a Bordering State
29%
Busch Gardens Williamsburg Williamsburg Virginia Colonial Town
29%
Carowinds Charlotte North Carolina Big City
24%
Frontier City Oklahoma City Oklahoma This is a City
24%
Six Flags Fiesta Texas San Antonio Texas UTSA
24%
Six Flags Over Texas Arlington Texas Dallas Cowboys Play Here
18%
Knott's Berry Farm Buena Park California Good Place To Take a Walk
18%
Six Flags Great America Gurnee Illinois Another Word For Stretcher
18%
Dollywood Pigeon Forge Tennessee A Bird's Hobby
18%
Six Flags New England Agawam Massachussetts Aga's Wigwam
12%
Six Flags Darien Lake Darien New York Dry the Lake
12%
Michigan's Adventure Muskegon Michigan Nothing Swampy About This Place
12%
Kennywood West Mifflin Pennsylvania It's Not East Mifflin
12%
Six Flags Over Georgia Austell Georgia Hard to "Tell" If This is a City
6%
Six Flags St. Louis Eureka Missouri It May "Surprise You" Where This Park Is
6%
Valleyfair Shakopee Minnesota It Might Shock A Pea Where This Is
6%
Six Flags Great Escape and Hurricane Harbor Lake George New York Washington's Lake
0%
No matching quizzes found
Score Distribution
Percent of People with Each Score
Percentile by Number Answered
Your Score History
You have not taken this quiz